| 000 | 00396nam a22001337a 4500 | ||
|---|---|---|---|
| 082 |
_a620.0015115353 _bBRO |
||
| 100 |
_aBrown, David K _940146 |
||
| 245 |
_aAn introduction to the finite element methods using basic programs _cDavid K, Brown |
||
| 260 |
_aGlasgow _c1990 |
||
| 300 |
_a273p.: _bill,; _c15 cm. |
||
| 526 |
_a0 _b0 _c0 _d620_001511535300000_BRO |
||
| 650 |
_aMCE _9379 |
||
| 942 |
_2ddc _cBK |
||
| 999 |
_c544504 _d544504 |
||